Citizens' learning, involvement, and participation in decision-making under the democratic ethos: a theoretical framework and the Israeli experience (Record no. 82478)

000 -LEADER
fixed length control field 00541pab a2200169 454500
008 - FIXED-LENGTH DATA ELEMENTS--GENERAL INFORMATION
fixed length control field 180718b2009 xxu||||| |||| 00| 0 eng d
100 ## - MAIN ENTRY--PERSONAL NAME
Personal name Mizrahi, Shlomo
245 ## - TITLE STATEMENT
Title Citizens' learning, involvement, and participation in decision-making under the democratic ethos: a theoretical framework and the Israeli experience
260 ## - PUBLICATION, DISTRIBUTION, ETC.
Date of publication, distribution, etc. 2009
300 ## - PHYSICAL DESCRIPTION
Extent p.438-60.
362 ## - DATES OF PUBLICATION AND/OR SEQUENTIAL DESIGNATION
Dates of publication and/or sequential designation Apr
650 ## - SUBJECT ADDED ENTRY--TOPICAL TERM
Topical term or geographic name entry element Decision making
700 ## - ADDED ENTRY--PERSONAL NAME
Personal name Vigoda-Gadot, Eran
773 ## - HOST ITEM ENTRY
Main entry heading International Journal of Public Administration
908 ## - PUT COMMAND PARAMETER (RLIN)
Put command parameter N
909 ## -
-- 82478
Holdings
Withdrawn status Lost status Damaged status Not for loan Permanent Location Current Location Date acquired Serial Enumeration / chronology Barcode Date last seen Price effective from Koha item type
        Indian Institute of Public Administration Indian Institute of Public Administration 2018-07-19 Volume no: 32, Issue no: 5 AR82938 2018-07-19 2018-07-19 Articles

Powered by Koha